| 000 | 01098cam a22002774a 4500 | ||
|---|---|---|---|
| 999 |
_c234824 _d234824 |
||
| 001 | 15340720 | ||
| 003 | Nust | ||
| 005 | 20170330200711.0 | ||
| 008 | 080623s2007 nyua 000 1 eng | ||
| 010 | _a 2008028140 | ||
| 020 | _a9780349120539 | ||
| 040 |
_aDLC _cDLC _dDLC |
||
| 043 | _ae-uk-st | ||
| 050 | 0 | 0 |
_aPR6063.C326 _bW67 2007 |
| 082 | 0 | 0 |
_a823.914 _bSMI |
| 100 | 1 |
_aMcCall Smith, Alexander, _d1948- |
|
| 245 | 1 | 4 |
_aThe world according to Bertie / _cby Alexander McCall Smith ; illustrated by Iain McIntosh. |
| 250 | _a1st Anchor Books ed. | ||
| 260 |
_aNew York : _bAnchor Books, _c2007. |
||
| 300 |
_aviii, 329 p. : _bill. ; _c20 cm. |
||
| 650 | 0 |
_aApartment houses _vFiction. |
|
| 651 | 0 |
_aEdinburgh (Scotland) _xSocial life and customs _vFiction. |
|
| 655 | 7 |
_aHumorous fiction. _2gsafd |
|
| 700 | 1 |
_aMcIntosh, Ian ; _eill. |
|
| 906 |
_a7 _bcbc _corignew _d1 _eecip _f20 _gy-gencatlg |
||
| 942 |
_2ddc _cBK |
||